000 00595nam a2200205Ia 4500
005 20250923145043.0
008 008 250917s9999 xx 000 0 eng d
037 _aTextual
040 _aDSWL
_beng
_cDSWL
041 _aeng
_2eng
084 _aX:972iU.2.N61, K6
_qDSWL
100 _aMhetras, V.G.
_9831314
245 0 _aLabour participation in management
_cby V.G. Mhetras
260 _aBombay
_bManaktalas
_c1966
300 _aviii,248 p.
365 _aINR
_b18.50
925 _g18.50
942 _cTEXL
_hX:972iU.2.N61, K6
999 _c1446515
_d1446515